| 000 | 00775nam a22001695i 4500 | ||
|---|---|---|---|
| 001 | 161530 | ||
| 003 | ES-MaACL | ||
| 005 | 20230906212315.0 | ||
| 008 | 041020s1873 sp |||| | spa d | ||
| 040 |
_aCAM _bspa _cCAM |
||
| 100 | 1 |
_aPastorfido, Miguel. _989537 |
|
| 245 | 1 | 0 |
_aPor un cigarro _b: juguete cómico en un acto y en verso / _cde Miguel Pastorfido. |
| 260 |
_aMadrid : _b[s.n.], _c1873 ( _fImprenta de Bernardino y Cao) |
||
| 300 |
_a24 p. ; _c18 cm. |
||
| 500 | _aEn port.: Estrenado en Madrid en el Teatro del Circo, con muy buen éxito, en el mes de Noviembre de 1868. | ||
| 852 |
_aES-MaACL _jF-8559(6) _z-- Enc. pasta española _q-- Falto de la cub. original _z-- Enc. en un vol. facticio formando parte de la col. facticia "Teatro español moderno", v. 11 |
||
| 999 |
_c161530 _d161530 |
||